| 000 | 00534nam a22001697a 4500 | ||
|---|---|---|---|
| 005 | 20260325192646.0 | ||
| 008 | 260325b |||||||| |||| 00| 0 eng d | ||
| 020 | _a9788123908601 | ||
| 050 | _aHF5548.8 BLU | ||
| 100 | _aBlum, Milton L. | ||
| 245 |
_aIndustrial Psychology: _bits theoretical and social foundations _cMilton L. Blum & James C. Naylor |
||
| 250 | _brevised edition | ||
| 260 |
_aNew Delhi _bCBS Publishers & Distributors _c2004 |
||
| 300 |
_axiii. 631p. _bill. _c24cm |
||
| 700 | _aNaylor, James C. | ||
| 942 |
_2lcc _cBK _n0 |
||
| 999 |
_c9169 _d9169 |
||